|
|
|
|
| LEADER |
00000nta a2200000 i 4500 |
| 001 |
dolg1990 |
| 005 |
20160212091300.0 |
| 008 |
150824suuuu hu om 000 hun d |
| 040 |
|
|
|a BGE Dolgozattár Repozitórium
|b hun
|
| 041 |
|
|
|a hu
|
| 100 |
1 |
|
|a Koncsár Tamás
|
| 245 |
1 |
2 |
|a A Schönherz Iskolaszövetkezet stratégiája
|c Koncsár Tamás
|h [elektronikus dokumentum]
|
| 520 |
3 |
|
|a A Schönherz Iskolaszövetkezet stratégiájának elemzése a jelenlegi piacon.
|
| 695 |
|
|
|a Schönherz
|
| 695 |
|
|
|a Stratégia
|
| 700 |
1 |
|
|a Marosán Dr. György
|e ths
|
| 856 |
4 |
0 |
|u http://dolgozattar.uni-bge.hu/1990/1/Koncsar_Tamas_pln03s_szakdolgozat.pdf
|z Dokumentum-elérés
|